000 01114nam a2200205Ia 4500
003 Ost
005 20260416102356.0
008 260416s9999||||xx |||||||||||||| ||und||
040 _cfsecg
041 _aara
082 _a692.8
100 _aبوزار، صفية
_eمؤلف
245 0 _a المقاولاتية /
_c صفية بوزار
260 _aالجزائر
_bجامعة الجزائر3: كلية العلوم الإقتصادية، العلوم التجارية وعلوم التسيير
_c2019
300 _a149 ورقة
_bايضاحات
_c30 سم
504 _aمراجع ص.148
520 _aأساسيات حول المقاولاتية ، المقاول ، الابداع و الابتكار و المقاولاتية ، المقاولاتية و المؤسسات الصغيرة ، التعليم المقاولات يو المرافقة المقاولاتية ، حاضنات الأعمال ، خطة العمل .
710 _aجامعة الجزائر3: كلية العلوم الإقتصادية، العلوم التجارية وعلوم التسيير
_eناشر علمي
942 _cHANDOUT
999 _c41219
_d41219